000 00787nam a22002537a 4500
999 _c2382
_d2382
003 AR-CdUCM
008 190304b ||||| |||| 00| 0 spa d
020 _a978-987-1314-59-1
040 _aMUNICIPALIDAD PROVINCIAL DEL CUSCO
_cBIBLIOTECA MUNICIPAL DEL CUSCO
082 _a321 /
_bM19
100 _aMalvicino, José Luis
_98554
245 _aNacionalismo, Derecha y Extrema Derecha en la Argentina /
260 _aMar del Plata :
_bEdiciones Suarez,
_c2008.
300 _a384 paginas ;
_c22cm.
500 _aNacionalismo extremo
650 _aLa derecha
_98555
650 _aLiga social Argentina
_98556
650 _aTradicionalistas
_98557
650 _aArgentina
_9511
650 _aHistoria
_9136
700 _aGaleano, Eduardo
_98558
942 _2ddc
_cLIBROS
945 _apjha